Fifteen - Statistics

General Stats
  • This quiz has been taken 3,171 times
  • The average score is 276 of 370
Answer Stats
Answer % Correct
YOU
99%
A
98%
THE
97%
FIFTEEN
96%
I
96%
YOUR
96%
AND
95%
BE
95%
WHEN
94%
GO
93%
SO
93%
LOVE
92%
SOME
90%
THEY
90%
TO
90%
YOU'RE
90%
DO
89%
GONNA
89%
IN
89%
TELL
89%
IT
88%
BELIEVE
87%
FIRST
87%
THEM
87%
SOMEBODY
86%
TELLS
86%
OF
85%
WALK
85%
BOY
84%
DAY
84%
HI
84%
FRIENDS
83%
ITS
82%
IT'S
82%
ON
82%
SAY
82%
VERY
82%
'CAUSE
81%
FOR
81%
THROUGH
81%
AT
80%
KNOW
80%
NEXT
80%
SEEN
80%
YEAR
80%
HERE
79%
OUT
79%
TAKE
78%
HAVEN'T
77%
YEARS
77%
DOORS
76%
FOUR
76%
FRESHMAN
76%
THIS
76%
WHILE
76%
WHO
76%
BREATH
75%
DEEP
75%
SENIOR
75%
BEFORE
74%
HEAD
74%
MORNING
74%
WE
74%
AROUND
73%
ABIGAIL
72%
BOYS
71%
LIKE
71%
TOWN
71%
BEST
70%
ONE
70%
RED
70%
WAY
70%
STAY
68%
TRY
68%
EVERYBODY'S
67%
WINK
66%
AS
65%
CAR
65%
FEELING
65%
GIRL
65%
SOON
65%
THINK
64%
'AINT
63%
DATE
62%
THOSE
62%
CLASS
61%
SIT
61%
WILL
61%
HE'S
60%
THEN
60%
LIFE
59%
ENOUGH
58%
KISS
57%
CAN
56%
COOL
56%
FIGURE
56%
NOTHING
56%
FLYING
55%
GIRLS
55%
HOPING
54%
LAUGHING
54%
NAMED
54%
OTHER
54%
THERE'S
54%
THEY'RE
54%
FOOTBALL
53%
'ROUND
53%
SHE
53%
SPIN
52%
DIDN'T
51%
HAD
51%
TEAM
51%
WELL
51%
WE'LL
51%
EVERYTHING
50%
GAVE
50%
MAKES
50%
BUT
49%
HIS
49%
NIGHT
49%
CHANGED
48%
MIND
48%
COUNT
47%
CRIED
47%
ENDS
47%
TEN
47%
BOTH
46%
DANCING
46%
IS
46%
ROOM
46%
THINKING
46%
UP
46%
WAS
45%
DATING
44%
THAN
44%
YOU'LL
43%
THINGS
42%
LOOK
41%
WAITING
41%
GREATER
39%
ALL
37%
HIM
35%
BACK
33%
DON'T
33%
WHAT
33%
BIGGER
32%
MARRY
32%
DREAMS
31%
FALL
31%
MINE
31%
NOW
31%
WANTED
30%
COULD
29%
SOMEDAY
29%
SUPPOSED
28%
WISH
28%
FORGET
27%
GOTTA
27%
SWORE
27%
YOURSELF
27%
REALIZED
26%
TIME
24%
JUST
21%
FIND
18%
ANYTHING
16%
HEAL
16%
MOST
16%
FOUND
14%
MIGHT
14%
MAMMA'S
13%
I'VE
12%
OUGHTA
5%
No matching quizzes found
Score Distribution
Percent of People with Each Score
Percentile by Number Answered
Your Score History
You have not taken this quiz